| 000 | 00625nam a2200217 a 4500 | ||
|---|---|---|---|
| 001 | 24282 | ||
| 003 | CO-ViMGA | ||
| 008 | 141112s2004 ck r 000 u spa d | ||
| 020 | _a9789584520081 | ||
| 040 |
_aCO-ViMGA _bspa _cCO-ViMGA |
||
| 082 | 0 | 4 | _a158.1 R486c |
| 100 | 1 |
_aRiso, Walter, 1951 - _935464 |
|
| 245 | 1 | 0 |
_aEl Camino de los sabios / _cWalter Riso |
| 260 |
_aColombia : _bGrupo Editorial Norma; 2009 |
||
| 300 | _a280 p. : 21 cm | ||
| 650 | 1 | 4 |
_aAutoestima _91478 |
| 650 | 1 | 4 |
_aAutorealizacion (psicologia) _935465 |
| 650 | 1 | 4 |
_aSabiduria _932919 |
| 650 | 1 | 4 |
_aTécnicas de autoayuda _930698 |
| 942 |
_2ddc _cBK |
||
| 999 |
_c32279 _d32279 |
||